Настольная книга бизнес-психолога (Запись № 13672727)

Подробности
000 -МАРКЕР
контрольное поле 02643nam0a2200397 4500
001 - ИДЕНТИФИКАТОР ЗАПИСИ
контрольное поле RU\NLR\BIBL_A\022543999
005 - ИДЕНТИФИКАТОР ВЕРСИИ
контрольное поле 20260420044607.0
010 ## - МЕЖДУНАРОДНЫЙ СТАНДАРТНЫЙ НОМЕР КНИГИ (ISBN)
Номер (ISBN) 978-5-7567-1367-1
021 ## - НОМЕР ГОСУДАРСТВЕННОЙ РЕГИСТРАЦИИ
Код страны Российская Федерация
Номер КН-П-25-017767
Номер Листа государственной регистраци КН-П-25-1806
035 ## - ДРУГИЕ СИСТЕМНЫЕ НОМЕРА
Идентификатор записи (NLR Aleph) 022543999
100 ## - ДАННЫЕ ОБЩЕЙ ОБРАБОТКИ
Данные общей обработки 20250519d2025 u y0rusy50 ca
101 0# - ЯЗЫК РЕСУРСА
Язык текста, звукозаписи и т.д. русский
102 ## - СТРАНА ПУБЛИКАЦИИ ИЛИ ПРОИЗВОДСТВА
Страна публикации Российская Федерация
105 ## - ПОЛЕ КОДИРОВАННЫХ ДАННЫХ: ТЕКСТОВЫЕ МАТЕРИАЛЫ, МОНОГРАФИЧЕСКИЕ
Кодированные данные о монографическом текстовом документе a j 000yy
181 #0 - ПОЛЕ КОДИРОВАННЫХ ДАННЫХ: ВИД СОДЕРЖАНИЯ
Код вида содержания (ISBD) i
Код характеристики содержания (ISBD) axxe
182 #0 - ПОЛЕ КОДИРОВАННЫХ ДАННЫХ: ТИП СРЕДСТВА
Код типа средства (ISBD) n - непосредственное
200 1# - ЗАГЛАВИЕ И СВЕДЕНИЯ ОБ ОТВЕТСТВЕННОСТИ
Основное заглавие Настольная книга бизнес-психолога
Сведения, относящиеся к заглавию практическое руководство для психологов системы уравления и бизнеса
-- для студентов магистратуры, обучающихся по направлению подготовки "Психология", бизнес-психологам, корпоративным психологам
Первые сведения об ответственности О. В. Лобза, B. О. Леонова
Последующие сведения об ответственности Московский государственный институт международных отношений (университет) МИД России, Одинцовский филиал
203 ## - ВИД СОДЕРЖАНИЯ И ТИП СРЕДСТВА
Вид содержания Текст
Дополнительные сведения об издании визуальный
Тип средства непосредственный
210 ## - ПУБЛИКАЦИЯ, РАСПРОСТРАНЕНИЕ И ДР.
Место издания, распространения и т.д. Москва
Имя издателя, распространителя и т. д. Аспект Пресс
Дата издания, распространения и т.д. 2025
215 ## - ФИЗИЧЕСКАЯ ХАРАКТЕРИСТИКА
Специфическое обозначение материала и объем 360, [2] с.
Другие сведения о физической характеристике ил., табл., цв. ил.
Размеры 22
225 1# - СЕРИЯ
Основное заглавие серии Программа стратегического академического лидерства "Приоритет – 2030"
225 1# - СЕРИЯ
Основное заглавие серии Приоритет 2030
Сведения, относящиеся к заглавию лидерами становятся
225 1# - СЕРИЯ
Основное заглавие серии Национальные проекты России
Наименование части Наука и университеты
300 ## - ОБЩИЕ ПРИМЕЧАНИЯ
Текст примечания В конце кн. авт.: О. В. Лобза – канд. психол. наук, доц., B. О. Леонова – преподаватель, психоаналитик, психолог
320 ## - ПРИМЕЧАНИЯ О НАЛИЧИИ В ДОКУМЕНТЕ БИБЛИОГРАФИИ / УКАЗАТЕЛЯ
Текст примечания Библиогр.: с. 360–361
320 ## - ПРИМЕЧАНИЯ О НАЛИЧИИ В ДОКУМЕНТЕ БИБЛИОГРАФИИ / УКАЗАТЕЛЯ
Текст примечания Другие тр. авт. в конце кн.
606 1# - НАИМЕНОВАНИЕ ТЕМЫ КАК ПРЕДМЕТ
Наименование темы Предпринимательство
Формальный подзаголовок Практические пособия
Тематический подзаголовок Социально-психологические исследования
Системный номер авторитетной/нормативной записи 2110122
Идентификатор авторитетной/нормативной записи RU\NLR\AUTH\661275335
686 1# - ИНДЕКСЫ ДРУГИХ КЛАССИФИКАЦИЙ
Индекс С550.422.1я7
686 1# - ИНДЕКСЫ ДРУГИХ КЛАССИФИКАЦИЙ
Индекс С550.373я7
700 #1 - ИМЯ ЛИЦА - ПЕРВИЧНАЯ ОТВЕТСТВЕННОСТЬ
Графика поля Кириллица
Материалы, к которым относится поле rus
Начальный элемент ввода Лобза
Часть имени, кроме начального элемента ввода О. В.
Дополнения к именам, кроме дат канд. психол. наук
Расширение инициалов личного имени Ольга Валерьевна
Системный номер авторитетной/нормативной записи 2675080
Идентификатор авторитетной/нормативной записи RU\NLR\AUTH\770283681
701 #1 - ИМЯ ЛИЦА - АЛЬТЕРНАТИВНАЯ ОТВЕТСТВЕННОСТЬ
Графика поля Кириллица
Материалы, к которым относится поле rus
Начальный элемент ввода Леонова
Часть имени, кроме начального элемента ввода В. О.
Дополнения к именам, кроме дат психолог
Даты 1987-
Расширение инициалов личного имени Варвара Олеговна
Системный номер авторитетной/нормативной записи 2675098
Идентификатор авторитетной/нормативной записи RU\NLR\AUTH\770283699
942 ## - ДОПОЛНИТЕЛЬНЫЕ ЭЛЕМЕНТЫ ЗАПИСИ (АБИС)
Тип экземпляра АБИС Книга
980 ## - КОЛЛЕКЦИЯ
Название коллекции Национальная библиография

Нет доступных экземпляров.